| 000 | 00663nam a22001577a 4500 | ||
|---|---|---|---|
| 003 | OSt | ||
| 005 | 20150922140709.0 | ||
| 008 | 150922b xxu||||| |||| 00| 0 eng d | ||
| 040 | _cRUA | ||
| 082 | _aAGR BRA 2006 B034 Or.1 | ||
| 100 |
_91110 _aBRAK, LIMHEANG. |
||
| 245 | _aEffect of mulching on bunching onion at crop station on royal university of agriculture ឥទ្ធិពលនៃគំរបំណាំខ្ទឹមស្លឹកនៅស្ថានីយ៏ដំណាំនៃសាកលវិទ្យាល័យភូមិន្ទកសិកម្ម | ||
| 260 |
_aPhnom Penh _bRUA _c2006 |
||
| 300 |
_a49p. _bill. _c29cm. |
||
| 942 |
_2ddc _cAGR |
||
| 999 |
_c1062 _d1062 |
||